000 01348nam a2200337 a 4500
003 DO-SdBNP
005 20250213183357.0
007 ta
008 211021e2019 dr ac||er|||| 001 fdspa d
020 _a9789945503562
040 _aDO-SdBNP
_bspa
_cBNPHU
082 4 _222
_aRD863.42
_bM358o 2019
100 1 _aMarrero Aristy, Ramón,
_d1913-1959
_922324
245 1 0 _aOver /
_cRamón Marrero Aristy ; prólogo José Henríquez García ; edición María del Carmen Vicente y Clara Dobarro.
260 _aSanto Domingo :
_bMinisterio de Cultura,
_c2019.
300 _axix, 219 p. :
_bil., retrs. ;
_c19 cm.
490 1 _aBiblioteca dominicana básica:
_aNarrativa
_v19
500 _aIncluye biografía del autor en la solapa de la cubierta.
504 _aBibliogafía : p. XVII - XIX
590 _aInventariado 2021 / MF
600 1 0 _aMarrero Aristy, Ramón,
_d1913-1959
_qCrítica e Interpretación
_922324
650 0 _aNovela dominicana
_9223
650 0 _aLiteratura dominicana.
_980301
700 1 _aHenríquez García, José,
_eprólogo
_980302
700 1 _957201
_aVicente, María del Carmen,
_eeditora
700 1 _98295
_aDobarro Lamas, Clara,
_eeditora
710 _aEditora Nacional (República Dominicana)
_963981
830 4 _aClásicos dominicanos
_pNarrativa
_lspa
_n19
_980303
910 _aValidado, 2021/MFF
942 _2ddc
_cLBS1
999 _c50797
_d50797